County-Level Divisions of Chongqing, China - Statistics

General Stats
  • This quiz has been taken 69 times
  • The average score is 30 of 38
Answer Stats
Prefecture-level City 地級市 Answer % Correct
Chongqing 重慶 Wanzhou 萬州
92%
Chongqing 重慶 Yuzhong 渝中
92%
Chongqing 重慶 Beibei 北碚
90%
Chongqing 重慶 Dazu 大足
90%
Chongqing 重慶 Wushan 巫山
90%
Chongqing 重慶 Jiangbei 江北
87%
Chongqing 重慶 Youyang 酉陽
87%
Chongqing 重慶 Banan 巴南
85%
Chongqing 重慶 Fengjie 奉節
85%
Chongqing 重慶 Hechuan 合川
85%
Chongqing 重慶 Qijiang 綦江
85%
Chongqing 重慶 Shapingba 沙坪壩
85%
Chongqing 重慶 Wulong 武隆
85%
Chongqing 重慶 Yubei 渝北
85%
Chongqing 重慶 Jiulongpo 九龍坡
82%
Chongqing 重慶 Nan'An 南岸
82%
Chongqing 重慶 Wuxi 巫溪
82%
Chongqing 重慶 Chengkou 城口
79%
Chongqing 重慶 Dadukou 大渡口
79%
Chongqing 重慶 Fuling 涪陵
79%
Chongqing 重慶 Zhongxian 忠縣
79%
Chongqing 重慶 Changshou 長壽
77%
Chongqing 重慶 Kaizhou 開州
77%
Chongqing 重慶 Nanchuan 南川
77%
Chongqing 重慶 Rongchang 榮昌
77%
Chongqing 重慶 Yongchuan 永川
77%
Chongqing 重慶 Jiangjin 江津
74%
Chongqing 重慶 Qianjiang 黔江
74%
Chongqing 重慶 Liangping 梁平
72%
Chongqing 重慶 Shizhu 石柱
72%
Chongqing 重慶 Tongliang 銅梁
72%
Chongqing 重慶 Tongnan 潼南
72%
Chongqing 重慶 Yunyang 雲陽
72%
Chongqing 重慶 Bishan 璧山
69%
Chongqing 重慶 Fengdu 豐都
69%
Chongqing 重慶 Xiushan 秀山
69%
Chongqing 重慶 Pengshui 彭水
64%
Chongqing 重慶 Dianjiang 墊江
62%
No matching quizzes found
Score Distribution
Percent of People with Each Score
Percentile by Number Answered
Your Score History
You have not taken this quiz